Programas de educacion física /
Guardado en:
| Formato: | Libro |
|---|---|
| Publicado: |
Buenos Aires :
,
1960
|
| Materias: | |
| Etiquetas: |
Agregar Etiqueta
Sin Etiquetas, Sea el primero en etiquetar este registro!
|
| LEADER | 00431nam a22001575a 4500 | ||
|---|---|---|---|
| 001 | CEM.cems000668 | ||
| 005 | 20060210000000.0 | ||
| 008 | 130507s1960##################000#0#####d | ||
| 003 | CEMS | ||
| 082 | 0 | 4 | |a 371.73 |
| 245 | 0 | 0 | |a Programas de educacion física / |
| 260 | |a Buenos Aires : |b , |c 1960 | ||
| 300 | |a 96 p. | ||
| 653 | |a Educacion fisica | ||
| 653 | |a Educacion secundaria | ||
| 859 | |a CEMS |b BIB. CEMS - 11 de abril |h 371.73 |i Ar37 |p 9851.81 |t Ej.1 | ||
